[Event "Xtracon Open 2019"]
[Site "Helsingor"]
[Date "2019.07.25"]
[Round "7.20"]
[White "Kunz, Andre"]
[Black "Haubro, Martin"]
[Result "0-1"]
[WhiteElo "2163"]
[BlackElo "2356"]
[Annotator "NA"]
[PlyCount "72"]
[EventDate "2019.07.19"]
[EventType "swiss"]
[EventCountry "DEN"]
[SourceTitle "playchess.com"]
[Source "ChessBase"]
[SourceQuality "1"]

1. e4 c5 2. c3 d5 3. exd5 Qxd5 4. d4 g6 5. Nf3 Bg7 6. Nbd2 cxd4 7. Bc4 Qd8 8. Nxd4 Nf6 9. O-O O-O 10. N2f3 Nbd7 11. Re1 a6 12. h3 Qc7 13. Bb3 e5 14. Nc2 e4 15. Nfd4 Nc5 16. Bc4 b5 17. Bf1 Bb7 18. c4 bxc4 19. Bxc4 Rad8 20. Be3 Nd5 21. Rc1 Nxe3 22. fxe3 Qg3 23. Re2 Be5 24. Kf1 Qh2 25. Ke1 Bxd4 26. Nxd4 Qg1+ 27. Kd2 Rxd4+ 28. exd4 Qxd4+ 29. Ke1 Qg1+ 30. Kd2 Rd8+ 31. Kc2 Rxd1 32. Rxd1 Qh2 33. Rd8+ Kg7 34. Rf2 f5 35. b4 Qc7 36. Rg8+ Kh6 0-1

[Event "Xtracon Open 2019"]
[Site "Helsingor"]
[Date "2019.07.25"]
[Round "7.21"]
[White "Gandrud, Vegar Koi"]
[Black "Christensen, Lasse"]
[Result "1/2-1/2"]
[WhiteElo "2351"]
[BlackElo "2158"]
[Annotator "NA"]
[PlyCount "130"]
[EventDate "2019.07.19"]
[EventType "swiss"]
[EventCountry "DEN"]
[SourceTitle "playchess.com"]
[Source "ChessBase"]
[SourceQuality "1"]

1. d4 Nf6 2. c4 e6 3. Nf3 b6 4. g3 Bb7 5. Bg2 Be7 6. O-O O-O 7. Re1 d5 8. cxd5 exd5 9. Nc3 c5 10. Bf4 Nbd7 11. h4 h6 12. Rc1 Ne4 13. e3 Ndf6 14. Ne5 Nxc3 15. bxc3 cxd4 16. exd4 Ba3 17. Rc2 b5 18. Qb1 Qa5 19. Nc4 dxc4 20. Bxb7 Rad8 21. Bf3 a6 22. Re3 Nd5 23. Bxd5 Rxd5 24. Re4 Rdd8 25. Qe1 b4 26. cxb4 Bxb4 27. Bd2 Bxd2 28. Qxd2 Qd5 29. Qe2 Rb8 30. Kh2 Rb1 31. f3 Rb4 32. Kg2 a5 33. Qe3 Qb7 34. Re7 Qb6 35. d5 Qxe3 36. Rxe3 Rd8 37. Rd2 Rd6 38. Re8+ Kh7 39. Rc8 Rb5 40. Rxc4 Rbxd5 41. Rxd5 Rxd5 42. Ra4 h5 43. Kf2 Kg6 44. Ke3 Kf5 45. g4+ hxg4 46. fxg4+ Kg6 47. Kf4 Rb5 48. Rc4 f6 49. a3 Kh6 50. a4 g5+ 51. hxg5+ Rxg5 52. Rc8 Re5 53. Rb8 Kg6 54. Rb5 Rxb5 55. axb5 a4 56. b6 a3 57. b7 a2 58. b8=Q a1=Q 59. Qe8+ Kg7 60. Qe7+ Kg6 61. Qe4+ Kg7 62. Qe7+ Kg6 63. Qe8+ Kg7 64. Qd7+ Kg6 65. Qd3+ Kg7 1/2-1/2

[Event "Xtracon Open 2019"]
[Site "Helsingor"]
[Date "2019.07.25"]
[Round "7.22"]
[White "Gallagher, Daniel GH"]
[Black "Rydstrom, Tom"]
[Result "0-1"]
[WhiteElo "2153"]
[BlackElo "2345"]
[Annotator "NA"]
[PlyCount "98"]
[EventDate "2019.07.19"]
[EventType "swiss"]
[EventCountry "DEN"]
[SourceTitle "playchess.com"]
[Source "ChessBase"]
[SourceQuality "1"]

1. Nf3 d5 2. c4 d4 3. g3 g6 4. Bg2 Bg7 5. d3 Nh6 6. b4 O-O 7. O-O Nf5 8. Nbd2 a5 9. b5 Re8 10. Ba3 e5 11. Ne4 Nd7 12. Rb1 Nf6 13. Nxf6+ Qxf6 14. Nd2 g5 15. Nb3 Qg6 16. Qd2 Qh5 17. Bc1 Bh6 18. Nc5 g4 19. Qc2 Rb8 20. Bxh6 Qxh6 21. Qc1 Qg7 22. Ne4 f6 23. Qd2 b6 24. c5 Rd8 25. Rfc1 Ne7 26. cxb6 cxb6 27. Rc7 f5 28. Qg5 fxe4 29. Qxe7 Qxe7 30. Rxe7 exd3 31. exd3 Bf5 32. Rxe5 Bxd3 33. Rd1 Bg6 34. Bd5+ Kg7 35. Rxd4 Rbc8 36. Rxg4 Rc5 37. Rgg5 h6 38. Rxg6+ Kxg6 39. Be4+ Kf6 40. Rxc5 bxc5 41. b6 Ke5 42. f3 c4 43. b7 Kd4 44. Kf2 Kc3 45. Bd5 Kb4 46. Ke2 c3 47. Be6 Rb8 48. Bd5 Ka3 49. Kd1 Kb2 0-1

[Event "Xtracon Open 2019"]
[Site "Helsingor"]
[Date "2019.07.25"]
[Round "7.23"]
[White "Storme, Isak"]
[Black "Moe, Mogens"]
[Result "1/2-1/2"]
[WhiteElo "2330"]
[BlackElo "2152"]
[Annotator "NA"]
[PlyCount "151"]
[EventDate "2019.07.19"]
[EventType "swiss"]
[EventCountry "DEN"]
[SourceTitle "playchess.com"]
[Source "ChessBase"]
[SourceQuality "1"]

1. c4 Nf6 2. Nc3 d5 3. cxd5 Nxd5 4. g3 g6 5. Bg2 Nxc3 6. bxc3 Bg7 7. Rb1 c6 8. h4 h6 9. d4 Qa5 10. Nf3 Qxc3+ 11. Bd2 Qc4 12. Bf4 Qc3+ 13. Kf1 Nd7 14. Kg1 Nb6 15. a4 Qa5 16. Ne5 O-O 17. Be4 Nd5 18. Bd2 Qc7 19. Qc1 Bxe5 20. dxe5 Qxe5 21. Bd3 h5 22. e4 Nf6 23. Bc3 Qe6 24. Qh6 Rd8 25. Bc2 c5 26. Kg2 b6 27. Rhe1 Bb7 28. Re3 Rd6 29. Kg1 Rad8 30. g4 Qxg4+ 31. Rg3 Rd1+ 32. Rxd1 Rxd1+ 33. Bxd1 Qxd1+ 34. Kh2 Bxe4 35. f3 Qc2+ 36. Qd2 Qxd2+ 37. Bxd2 Bc6 38. a5 bxa5 39. Bxa5 Nd5 40. Rg1 Bb5 41. Kg3 e6 42. Bd2 Kf8 43. Be1 Ke7 44. Bf2 c4 45. Bxa7 c3 46. Bc5+ Kd7 47. Bd4 c2 48. Rc1 Bd3 49. Kf2 Kc6 50. Ke1 Kb5 51. Kd2 Kc4 52. Be5 Bf5 53. Ra1 f6 54. Bb2 g5 55. hxg5 fxg5 56. Ra8 g4 57. fxg4 hxg4 58. Be5 Nb6 59. Rd8 Kb5 60. Bf4 Kc6 61. Rd6+ Kc5 62. Rd8 Nc4+ 63. Kc3 Ne5 64. Kd2 c1=Q+ 65. Kxc1 Nd3+ 66. Rxd3 Bxd3 67. Kd2 Kd4 68. Ke1 Ke4 69. Bc7 Kf3 70. Kd2 Bb5 71. Ke1 g3 72. Bd6 g2 73. Bc5 e5 74. Kd2 e4 75. Be3 Kg3 76. Bg1 1/2-1/2

[Event "Xtracon Open 2019"]
[Site "Helsingor"]
[Date "2019.07.25"]
[Round "7.24"]
[White "Ask, Josef"]
[Black "Nasshan, Dennis"]
[Result "0-1"]
[WhiteElo "2149"]
[BlackElo "2314"]
[Annotator "NA"]
[PlyCount "152"]
[EventDate "2019.07.19"]
[EventType "swiss"]
[EventCountry "DEN"]
[SourceTitle "playchess.com"]
[Source "ChessBase"]
[SourceQuality "1"]

1. Nf3 d5 2. g3 Nf6 3. Bg2 e6 4. O-O Be7 5. d3 c5 6. Nbd2 Nc6 7. e4 O-O 8. Re1 Rb8 9. a4 b6 10. e5 Nd7 11. Nf1 Qc7 12. Bf4 Ba6 13. h4 Rfc8 14. Ne3 Qd8 15. Ng5 h6 16. Nh3 Bf8 17. Ng4 Ne7 18. h5 Bb7 19. Qc1 Nf5 20. Ne3 Nd4 21. Qd1 Nc6 22. Nf1 Qc7 23. c3 d4 24. Qe2 c4 25. dxc4 dxc3 26. bxc3 Nc5 27. g4 Rd8 28. g5 Nd3 29. gxh6 Nxe1 30. Rxe1 gxh6 31. Ne3 Ne7 32. Bxb7 Qxb7 33. Qg4+ Kh8 34. Ng5 hxg5 35. Bxg5 Ng8 36. h6 f6 37. exf6 Qf7 38. Qh4 Kh7 39. Ng4 Bd6 40. f4 Rbc8 41. Ne5 Bxe5 42. fxe5 Qg6 43. Kh1 Rd7 44. Rg1 Qf5 45. Qg3 Rd3 46. Be3 Rd7 47. Rg2 Rd1+ 48. Bg1 Qh5+ 49. Rh2 Qg6 50. Qf2 Qxg1+ 51. Qxg1 Rxg1+ 52. Kxg1 Nxh6 53. Rd2 Nf7 54. Rd7 Kg6 55. Rxa7 Nxe5 56. Rb7 Rc6 57. c5 bxc5 58. a5 Kxf6 59. Ra7 Nc4 60. a6 Ke5 61. Ra8 Rc7 62. Kf2 Na5 63. Ke3 Nc6 64. Kd3 Ra7 65. Rc8 Kd5 66. Rh8 Rxa6 67. Rh5+ Ne5+ 68. Ke3 Ra4 69. Rh8 Re4+ 70. Kd2 Nc6 71. Rh7 Kd6 72. Kd3 Rg4 73. Rh6 Ne5+ 74. Kd2 Rg2+ 75. Kd1 Ng4 76. Kc1 Nxh6 0-1

[Event "Xtracon Open 2019"]
[Site "Helsingor"]
[Date "2019.07.26"]
[Round "8.1"]
[White "Andersen, Mads"]
[Black "Praggnanandhaa R"]
[Result "1/2-1/2"]
[WhiteElo "2605"]
[BlackElo "2540"]
[Annotator "TA"]
[PlyCount "47"]
[EventDate "2019.07.19"]
[EventType "swiss"]
[EventCountry "DEN"]
[SourceTitle "playchess.com"]
[Source "ChessBase"]
[SourceQuality "1"]

1. d4 Nf6 2. c4 e6 3. Nf3 d5 4. g3 Be7 5. Bg2 O-O 6. O-O dxc4 7. Qc2 c6 8. Qxc4 b5 9. Qd3 Nbd7 10. Rd1 Bb7 11. Be3 a6 12. Nbd2 c5 13. dxc5 Bxc5 14. Rac1 Bxe3 15. Qxe3 Rc8 16. Nb3 Bd5 17. Ne1 Rxc1 18. Rxc1 Qa8 19. Qd4 Bxg2 20. Nxg2 Rc8 21. Rxc8+ Qxc8 22. Ne3 Qc7 23. f3 Kf8 24. Kf2 1/2-1/2

[Event "Xtracon Open 2019"]
[Site "Helsingor"]
[Date "2019.07.26"]
[Round "8.1"]
[White "Keinanen, Toivo"]
[Black "Kollars, Dmitrij"]
[Result "0-1"]
[WhiteElo "2386"]
[BlackElo "2581"]
[Annotator "ChessBase"]
[PlyCount "112"]
[EventDate "2019.07.19"]
[EventType "swiss"]
[EventCountry "DEN"]
[SourceTitle "playchess.com"]
[Source "ChessBase"]
[SourceQuality "1"]

1. Nf3 d5 2. d4 Nf6 3. c4 e6 4. g3 dxc4 5. Bg2 Bb4+ 6. Bd2 a5 7. Qc2 Bxd2+ 8. Qxd2 c6 9. a4 Ne4 10. Qc2 Nd6 11. Ne5 Na6 12. Na3 Nb4 13. Qc3 Nd5 14. Qd2 Nb6 15. Qc2 f6 16. Nf3 Qe7 17. Nd2 e5 18. dxe5 Qxe5 19. Naxc4 Nbxc4 20. Nxc4 Nxc4 21. Qxc4 Be6 22. Qc2 Rd8 23. O-O Rd4 24. Rfd1 Rb4 25. Rd2 Bb3 26. Qc3 Qxc3 27. bxc3 Rxa4 28. Rxa4 Bxa4 29. Ra2 Bb5 30. Rxa5 Kd7 31. Bf1 Kc7 32. e4 Rd8 33. Bxb5 Kb6 34. Ra3 cxb5 35. h4 h5 36. Kf1 Rd2 37. Kg2 Kc5 38. Rb3 Ra2 39. Kf3 Ra4 40. Kf4 Kc4 41. Rb1 Ra5 42. e5 fxe5+ 43. Kg5 e4 44. Kg6 Kxc3 45. Rc1+ Kd2 46. Rc5 Ra6+ 47. Kxg7 Rb6 48. Rxh5 b4 49. Rd5+ Ke2 50. Rc5 b3 51. Rc1 Kxf2 52. h5 e3 53. h6 Rxh6 54. Kxh6 e2 55. Rb1 e1=Q 56. Rb2+ Kg1 0-1

[Event "Xtracon Open 2019"]
[Site "Helsingor"]
[Date "2019.07.26"]
[Round "8.1"]
[White "Moe, Mogens"]
[Black "Vestby-Ellingsen, Mads"]
[Result "0-1"]
[WhiteElo "2152"]
[BlackElo "2335"]
[Annotator "NA"]
[PlyCount "76"]
[EventDate "2019.07.19"]
[EventType "swiss"]
[EventCountry "DEN"]
[SourceTitle "playchess.com"]
[Source "ChessBase"]
[SourceQuality "1"]

1. e4 c5 2. Nf3 e6 3. d4 cxd4 4. Nxd4 Nc6 5. Nc3 Qc7 6. Be3 a6 7. Qd2 Nf6 8. O-O-O Be7 9. f3 b5 10. g4 Nxd4 11. Bxd4 Bb7 12. h4 O-O 13. g5 Nh5 14. Bh3 f5 15. gxf6 Bxf6 16. Rhg1 Bxd4 17. Qxd4 Rf7 18. Kb1 Rc8 19. Rd2 Nf4 20. Bf1 Qc5 21. a4 b4 22. Nd1 Ng6 23. h5 Ne5 24. Be2 h6 25. Ne3 a5 26. Ng4 Nxg4 27. Rxg4 Qxd4 28. Rxd4 Rc5 29. f4 Bc6 30. e5 Bxa4 31. Bd3 Bc6 32. Bg6 Rf8 33. Rd3 Rc4 34. Rdg3 Rcxf4 35. Bh7+ Kxh7 36. Rxg7+ Kh8 37. R7g6 Be4 38. Rxh6+ Bh7 0-1

[Event "Xtracon Open 2019"]
[Site "Helsingor"]
[Date "2019.07.26"]
[Round "8.1"]
[White "Pallesen, Jacob"]
[Black "Andersen, Morten"]
[Result "0-1"]
[WhiteElo "2041"]
[BlackElo "2212"]
[Annotator "NA"]
[PlyCount "107"]
[EventDate "2019.07.19"]
[EventType "swiss"]
[EventCountry "DEN"]
[SourceTitle "playchess.com"]
[Source "ChessBase"]
[SourceQuality "1"]

1. d4 d5 2. Nf3 c5 3. g3 Nc6 4. Bg2 Bf5 5. O-O e6 6. c3 Nf6 7. Qb3 Qb6 8. Nbd2 Be7 9. Qxb6 axb6 10. Nb3 c4 11. Nbd2 b5 12. Ne5 O-O 13. Ndf3 Ra6 14. Bg5 Rfa8 15. a3 b4 16. Nxc6 bxc6 17. cxb4 Bxb4 18. Bxf6 gxf6 19. Nh4 Bg4 20. f3 Bh5 21. g4 Bg6 22. Nxg6 hxg6 23. Rad1 Bf8 24. e3 Rb8 25. Rd2 Rb3 26. Re1 Rab6 27. Ree2 c5 28. dxc5 Bxc5 29. Kf2 c3 30. bxc3 Rxc3 31. a4 Ra6 32. Ra2 Rc4 33. a5 Bb4 34. Reb2 Rxa5 35. Bf1 Rxa2 36. Rxa2 Rc3 37. Bb5 Bc5 38. Re2 g5 39. Bd7 Kf8 40. Re1 Ke7 41. Bb5 f5 42. gxf5 exf5 43. Kg3 Bxe3 44. h4 f4+ 45. Kg4 gxh4 46. Kxh4 d4 47. Rd1 Kd6 48. Bd3 Kc5 49. Kg4 Rxd3 50. Rxd3 Kc4 51. Ra3 d3 52. Kf5 d2 53. Ra1 Kd3 54. Ke5 0-1

[Event "Xtracon Open 2019"]
[Site "Helsingor"]
[Date "2019.07.26"]
[Round "8.1"]
[White "Rendlev, Niels Moller"]
[Black "Jannik, Morten Emil"]
[Result "1-0"]
[WhiteElo "1721"]
[BlackElo "1561"]
[Annotator "NA"]
[PlyCount "89"]
[EventDate "2019.07.19"]
[EventType "swiss"]
[EventCountry "DEN"]
[SourceTitle "playchess.com"]
[Source "ChessBase"]
[SourceQuality "1"]

1. g3 c6 2. f4 d5 3. Nf3 Nf6 4. Bg2 Bf5 5. d3 Qb6 6. e3 Bg4 7. Qe2 e6 8. O-O Nbd7 9. h3 Bxf3 10. Bxf3 Bd6 11. Kg2 h5 12. e4 e5 13. a4 O-O-O 14. a5 Qc7 15. f5 d4 16. Bg5 Rdg8 17. h4 Ng4 18. Bxg4 hxg4 19. Qxg4 Nf6 20. Qf3 Be7 21. Na3 Nh5 22. Nc4 f6 23. Bd2 g5 24. fxg6 Kb8 25. Qg4 Qd8 26. Rf5 Ng7 27. h5 Nxf5 28. exf5 Bf8 29. Qe2 Qd5+ 30. Kf2 Bg7 31. g4 Qd8 32. Rh1 Bh6 33. Bb4 Bg5 34. Nd6 Be3+ 35. Kf1 Rg7 36. Ne4 Bh6 37. Bd2 Qf8 38. Qf3 Rd7 39. g5 fxg5 40. f6 Bg7 41. Bxg5 Bh6 42. Qf5 Re7 43. Bxh6 Rxh6 44. Ke2 Rh8 45. Rf1 1-0

[Event "Xtracon Open 2019"]
[Site "Helsingor"]
[Date "2019.07.26"]
[Round "8.2"]
[White "Hansen, Sune Berg"]
[Black "Sargissian, Gabriel"]
[Result "0-1"]
[WhiteElo "2575"]
[BlackElo "2681"]
[Annotator "TA"]
[PlyCount "112"]
[EventDate "2019.07.19"]
[EventType "swiss"]
[EventCountry "DEN"]
[SourceTitle "playchess.com"]
[Source "ChessBase"]
[SourceQuality "1"]

1. d4 Nf6 2. c4 e6 3. Nc3 Bb4 4. e3 O-O 5. Bd3 d5 6. Nf3 dxc4 7. Bxc4 c5 8. O-O Bd7 9. a3 Bxc3 10. bxc3 Bc6 11. Re1 Nbd7 12. Bd3 Be4 13. Bf1 Qa5 14. Bb2 Qb6 15. Re2 Bxf3 16. gxf3 Qc7 17. Rd2 Rfd8 18. Bd3 Nf8 19. Qe2 Ng6 20. Kh1 Rac8 21. Rg1 c4 22. Bc2 b5 23. Rdd1 Nd5 24. Rg3 a5 25. Rdg1 Qe7 26. f4 b4 27. axb4 axb4 28. f5 exf5 29. Bxf5 bxc3 30. Bc1 Ndf4 31. Qc2 Nd3 32. f3 Nxc1 33. Qxc1 Rb8 34. Qxc3 Qb4 35. Qxb4 Rxb4 36. h4 Rb5 37. e4 Rxd4 38. h5 Ne7 39. Rxg7+ Kf8 40. Rxh7 Nxf5 41. Rh8+ Ke7 42. exf5 Rxf5 43. Rg4 Rxg4 44. fxg4 Rc5 45. Ra8 c3 46. Ra1 Kf6 47. Kg2 Kg5 48. Kf3 c2 49. Rc1 Rc6 50. Ke3 Kxg4 51. h6 Rxh6 52. Rxc2 Rh3+ 53. Kd4 f5 54. Re2 f4 55. Re8 Ra3 56. Rh8 f3 0-1

[Event "Xtracon Open 2019"]
[Site "Helsingor"]
[Date "2019.07.26"]
[Round "8.2"]
[White "Roseneck, Jonas"]
[Black "Rasmussen, Allan Stig"]
[Result "0-1"]
[WhiteElo "2398"]
[BlackElo "2569"]
[Annotator "TA"]
[PlyCount "84"]
[EventDate "2019.07.19"]
[EventType "swiss"]
[EventCountry "DEN"]
[SourceTitle "playchess.com"]
[Source "ChessBase"]
[SourceQuality "1"]

1. e4 e5 2. Nf3 Nc6 3. Bb5 a6 4. Ba4 g6 5. d4 exd4 6. Bg5 Be7 7. Bxe7 Ngxe7 8. Nxd4 O-O 9. Bxc6 bxc6 10. Nc3 d6 11. O-O c5 12. Nde2 Nc6 13. Qd2 Kg7 14. Nd5 f6 15. Ng3 Be6 16. Nf4 Bf7 17. a4 Rb8 18. Ra3 Ne5 19. Qc1 Rb4 20. a5 Re8 21. Rc3 Rb5 22. Qd2 Rxb2 23. h4 Kh8 24. h5 Rg8 25. hxg6 Bxg6 26. Nxg6+ Rxg6 27. Rxc5 Qd7 28. Qc3 Rb7 29. Rd5 Qg4 30. Qa1 h5 31. Qd1 h4 32. Qxg4 Rxg4 33. Nh5 Rxe4 34. f3 Re2 35. Rf2 Rb1+ 36. Rf1 Rb2 37. Rc1 f5 38. Rd4 h3 39. Nf4 Rxg2+ 40. Nxg2 Nxf3+ 41. Kf2 Nxd4 42. Ne1 Kg7 0-1

[Event "Xtracon Open 2019"]
[Site "Helsingor"]
[Date "2019.07.26"]
[Round "8.2"]
[White "Svane, Frederik"]
[Black "Jorgensen, Dennis"]
[Result "1-0"]
[WhiteElo "2334"]
[BlackElo "2140"]
[Annotator "TA"]
[PlyCount "116"]
[EventDate "2019.07.19"]
[EventType "swiss"]
[EventCountry "DEN"]
[SourceTitle "playchess.com"]
[Source "ChessBase"]
[SourceQuality "1"]

1. e4 c6 2. Nc3 d5 3. Nf3 dxe4 4. Nxe4 Nf6 5. Qe2 Nxe4 6. Qxe4 Qd5 7. Qf4 Qf5 8. Qe3 g6 9. Qc3 Rg8 10. d4 Nd7 11. Qb3 Nb6 12. Bd3 Qe6+ 13. Be3 Qxb3 14. axb3 Bf5 15. Bxf5 gxf5 16. g3 Nd5 17. Bd2 e6 18. Ke2 a6 19. Ne5 f6 20. Nd3 Kf7 21. c4 Nb6 22. Rhd1 Nd7 23. Be3 Be7 24. Rd2 e5 25. Rad1 Rad8 26. f4 e4 27. Ne1 Bb4 28. Rc2 c5 29. Bd2 cxd4 30. Bxb4 d3+ 31. Nxd3 exd3+ 32. Rxd3 Rge8+ 33. Kf1 Nb8 34. Rcd2 Nc6 35. Rd7+ Kg6 36. Bc3 Rxd7 37. Rxd7 Re7 38. Rd6 Rf7 39. b4 Na7 40. Kf2 Nc6 41. Ke3 h5 42. h3 Re7+ 43. Kd3 Rf7 44. Kc2 Ne7 45. Kd2 Nc8 46. Rd8 Nb6 47. Kd3 Rd7+ 48. Rxd7 Nxd7 49. Kd4 Kf7 50. Kd5 Ke7 51. Bd4 Nb8 52. b3 Nc6 53. Kc5 Nxd4 54. Kxd4 Kd6 55. c5+ Kc6 56. Kc4 b6 57. Kd4 b5 58. Ke3 Kd5 1-0

[Event "Xtracon Open 2019"]
[Site "Helsingor"]
[Date "2019.07.26"]
[Round "8.2"]
[White "Eriksson, Jorgen"]
[Black "Holinka, Henning"]
[Result "0-1"]
[WhiteElo "2211"]
[BlackElo "2021"]
[Annotator "NA"]
[PlyCount "74"]
[EventDate "2019.07.19"]
[EventType "swiss"]
[EventCountry "DEN"]
[SourceTitle "playchess.com"]
[Source "ChessBase"]
[SourceQuality "1"]

1. b3 e5 2. Bb2 Nc6 3. c4 Nf6 4. e3 d5 5. cxd5 Nxd5 6. a3 a6 7. Qc2 Be6 8. Nf3 Bd6 9. d3 O-O 10. Nbd2 f5 11. Be2 Qf6 12. O-O Rae8 13. Nc4 g5 14. d4 e4 15. Nfe5 Nce7 16. f3 exf3 17. Rxf3 b5 18. Nd2 g4 19. Nxg4 Qg5 20. h4 Qxg4 21. e4 Nf4 22. Bf1 Neg6 23. Qc3 fxe4 24. Nxe4 Bd5 25. Rg3 Qxh4 26. Nxd6 cxd6 27. Re1 Rc8 28. Qe3 Rfe8 29. Qxe8+ Rxe8 30. Rxe8+ Kf7 31. Ree3 Ne7 32. Bd3 Nxd3 33. Rxd3 Nf5 34. Rh3 Qe1+ 35. Kh2 Qf2 36. Rhf3 Bxf3 37. Rxf3 Qxb2 0-1

[Event "Xtracon Open 2019"]
[Site "Helsingor"]
[Date "2019.07.26"]
[Round "8.2"]
[White "Henriksen, Morgan"]
[Black "Jacobsen, Per Wurtz"]
[Result "0-1"]
[WhiteElo "1683"]
[BlackElo "2016"]
[Annotator "NA"]
[PlyCount "154"]
[EventDate "2019.07.19"]
[EventType "swiss"]
[EventCountry "DEN"]
[SourceTitle "playchess.com"]
[Source "ChessBase"]
[SourceQuality "1"]

1. d4 d5 2. c4 c6 3. Nf3 e6 4. e3 f5 5. Be2 Bd6 6. O-O Nf6 7. b3 O-O 8. Nbd2 Nbd7 9. Bb2 Ne4 10. Rc1 Rf6 11. Ne1 Bxh2+ 12. Kh1 Rh6 13. Nef3 Nxf2+ 14. Rxf2 Qc7 15. Nf1 Bg3+ 16. Kg1 Bxf2+ 17. Kxf2 Nf6 18. Ne5 Ne4+ 19. Kg1 Qd8 20. Qe1 Qf6 21. Rc2 b6 22. Nxc6 Qg5 23. Ne5 Bb7 24. c5 Rc8 25. c6 Ba8 26. a4 f4 27. exf4 Qxf4 28. Bc1 Qf6 29. Bxh6 Qxh6 30. Bf3 Ng5 31. Qg3 Rf8 32. Nd2 g6 33. Nd7 Rc8 34. c7 Bb7 35. Qe5 Qh4 36. b4 Nf7 37. Qxe6 Qxd4+ 38. Kh2 Qh4+ 39. Qh3 Qf4+ 40. Kg1 Qd4+ 41. Kf1 Qd3+ 42. Kg1 Qxc2 43. Nf1 Qf5 44. Qxf5 gxf5 45. Ne3 Rxc7 46. Nxd5 Bxd5 47. Nf6+ Kg7 48. Ne8+ Kg6 49. Nxc7 Bxf3 50. gxf3 Ne5 51. Kf2 Nd3+ 52. Ke3 Nxb4 53. Nb5 a6 54. Nd4 h5 55. Kf4 Nd5+ 56. Ke5 Nc3 57. Nxf5 Nxa4 58. f4 Nc5 59. Nd4 Nd3+ 60. Ke4 Nxf4 61. Kxf4 Kf6 62. Ke4 b5 63. Kd5 h4 64. Ke4 h3 65. Kf3 Ke5 66. Nb3 Kd5 67. Kg3 Kc4 68. Na5+ Kb4 69. Nc6+ Kc3 70. Ne7 b4 71. Nd5+ Kb3 72. Kxh3 a5 73. Nf4 a4 74. Ne2 Ka3 75. Kg3 b3 76. Nc3 b2 77. Nb1+ Kb3 0-1

[Event "Xtracon Open 2019"]
[Site "Helsingor"]
[Date "2019.07.26"]
[Round "8.3"]
[White "Lysyj, Igor"]
[Black "Zude, Erik"]
[Result "1-0"]
[WhiteElo "2623"]
[BlackElo "2385"]
[Annotator "TA"]
[PlyCount "65"]
[EventDate "2019.07.19"]
[EventType "swiss"]
[EventCountry "DEN"]
[SourceTitle "playchess.com"]
[Source "ChessBase"]
[SourceQuality "1"]

1. d4 d5 2. Nf3 Nf6 3. c4 dxc4 4. e3 e6 5. Bxc4 c5 6. O-O a6 7. Nc3 b5 8. Be2 Nbd7 9. d5 exd5 10. Nxd5 Bb7 11. Nxf6+ Nxf6 12. a4 b4 13. Qxd8+ Rxd8 14. Nd2 Bd6 15. f3 Nd5 16. Nb3 Nc7 17. e4 Ne6 18. Be3 Be5 19. Nxc5 Nxc5 20. Bxc5 Bxb2 21. Rad1 Bc3 22. Rxd8+ Kxd8 23. Rb1 Kc8 24. Bxb4 Bxb4 25. Rxb4 Rd8 26. Rc4+ Kb8 27. a5 Rd2 28. Kf1 f6 29. h4 h6 30. Rc5 Ra2 31. g4 Bc8 32. e5 fxe5 33. Rxe5 1-0

[Event "Xtracon Open 2019"]
[Site "Helsingor"]
[Date "2019.07.26"]
[Round "8.3"]
[White "Kryakvin, Dmitry"]
[Black "Sevian, Samuel"]
[Result "1/2-1/2"]
[WhiteElo "2586"]
[BlackElo "2667"]
[Annotator "TA"]
[PlyCount "104"]
[EventDate "2019.07.19"]
[EventType "swiss"]
[EventCountry "DEN"]
[SourceTitle "playchess.com"]
[Source "ChessBase"]
[SourceQuality "1"]

1. Nf3 d5 2. d4 Nf6 3. c4 e6 4. Qc2 dxc4 5. Qxc4 a6 6. Bf4 Bd6 7. Bg3 b5 8. Qc2 Bb7 9. Nbd2 Nc6 10. e3 O-O 11. Rc1 Rc8 12. a3 Re8 13. Ne5 Bxe5 14. dxe5 Nd7 15. Bd3 Ncxe5 16. Bxh7+ Kh8 17. Be4 Bd5 18. Qc3 Qf6 19. O-O c5 20. Bb1 c4 21. Ne4 Bxe4 22. Bxe4 Nd3 23. Bxd3 cxd3 24. Qxd3 Rxc1 25. Rxc1 Qxb2 26. Rc7 Ne5 27. Qd1 Ng6 28. h4 Kg8 29. h5 Nf8 30. Qf3 Qb1+ 31. Kh2 Qf5 32. Ra7 Qxf3 33. gxf3 Rd8 34. e4 Nh7 35. Rxa6 Ng5 36. Ra5 Nxf3+ 37. Kg2 Rd3 38. Rxb5 Rxa3 39. e5 Ne1+ 40. Kf1 Nc2 41. Kg2 Ra7 42. Bf4 Kh7 43. Rb1 Ra4 44. Bg3 Nb4 45. Rc1 Nd5 46. Rc8 Ra7 47. Rf8 Nb4 48. Rc8 Nd5 49. Rf8 Rc7 50. Kf3 Nb4 51. Ke4 Rc4+ 52. Kf3 Rc7 1/2-1/2

[Event "Xtracon Open 2019"]
[Site "Helsingor"]
[Date "2019.07.26"]
[Round "8.3"]
[White "Crevatin, Leo"]
[Black "Storme, Isak"]
[Result "0-1"]
[WhiteElo "2146"]
[BlackElo "2330"]
[Annotator "NA"]
[PlyCount "78"]
[EventDate "2019.07.19"]
[EventType "swiss"]
[EventCountry "DEN"]
[SourceTitle "playchess.com"]
[Source "ChessBase"]
[SourceQuality "1"]

1. d4 Nf6 2. c4 c5 3. d5 e6 4. Nc3 exd5 5. cxd5 d6 6. e4 g6 7. f3 Bg7 8. Nge2 O-O 9. Ng3 Nh5 10. Nxh5 gxh5 11. Be3 Nd7 12. Be2 f5 13. O-O f4 14. Bf2 Ne5 15. Kh1 Bd7 16. Rc1 a6 17. b4 cxb4 18. Na4 b5 19. Nb6 Rb8 20. Nxd7 Qxd7 21. Qb3 a5 22. Rc2 Rfc8 23. Rfc1 Rxc2 24. Qxc2 Nc4 25. Bxc4 Rc8 26. Qd2 bxc4 27. Qxf4 b3 28. axb3 cxb3 29. Rb1 a4 30. e5 Bxe5 31. Qg5+ Kh8 32. f4 Bg7 33. f5 Be5 34. Bg3 Qg7 35. Bxe5 Qxe5 36. Qd2 a3 37. Re1 Qxe1+ 38. Qxe1 b2 39. Qa1 bxa1=R# 0-1

[Event "Xtracon Open 2019"]
[Site "Helsingor"]
[Date "2019.07.26"]
[Round "8.3"]
[White "Rolvag, Mikael"]
[Black "Voll, Oddvar U"]
[Result "1-0"]
[WhiteElo "2119"]
[BlackElo "1927"]
[Annotator "NA"]
[PlyCount "59"]
[EventDate "2019.07.19"]
[EventType "swiss"]
[EventCountry "DEN"]
[SourceTitle "playchess.com"]
[Source "ChessBase"]
[SourceQuality "1"]

1. e4 d6 2. d4 Nf6 3. Nc3 Nbd7 4. Nf3 e5 5. Be2 Be7 6. O-O c6 7. a4 Qc7 8. a5 h6 9. Re1 Nf8 10. Bf1 g5 11. dxe5 dxe5 12. Nd2 Ng6 13. Nc4 Nf4 14. Be3 Be6 15. Qb1 h5 16. b4 Kf8 17. Na4 Bd7 18. Qb2 Kg7 19. Nc5 Rae8 20. Nxd7 Nxd7 21. Bxa7 g4 22. Ne3 Kh7 23. Nf5 Bg5 24. Qb3 Nf8 25. Bb6 Qd7 26. Rad1 Qe6 27. Bc4 Qf6 28. Bxf7 Re7 29. Nxe7 Qxe7 30. Bd8 1-0

[Event "Xtracon Open 2019"]
[Site "Helsingor"]
[Date "2019.07.26"]
[Round "8.3"]
[White "Buttkus, Andre"]
[Black "Kvaloy, Aksel Bu"]
[Result "1-0"]
[WhiteElo "2024"]
[BlackElo "2205"]
[Annotator "NA"]
[PlyCount "59"]
[EventDate "2019.07.19"]
[EventType "swiss"]
[EventCountry "DEN"]
[SourceTitle "playchess.com"]
[Source "ChessBase"]
[SourceQuality "1"]

1. c4 e5 2. Nc3 Nf6 3. Nf3 Nc6 4. e3 d5 5. cxd5 Nxd5 6. Bb5 Nxc3 7. bxc3 e4 8. Ne5 Qd5 9. Qa4 Qxe5 10. Bxc6+ bxc6 11. Qxc6+ Kd8 12. Qxa8 Bd6 13. Rb1 Ke7 14. Qxa7 Qg5 15. Ba3 Qxg2 16. Qxc7+ Kf6 17. Qxd6+ Kg5 18. Qg3+ Qxg3 19. hxg3 Be6 20. Rb5+ f5 21. Be7+ Kg4 22. Rh4+ Kf3 23. Rxf5+ Kg2 24. Re5 g5 25. Rxe6 gxh4 26. Bxh4 h5 27. Rxe4 Rb8 28. Ke2 Rb2 29. a4 Kh3 30. a5 1-0

[Event "Xtracon Open 2019"]
[Site "Helsingor"]
[Date "2019.07.26"]
[Round "8.4"]
[White "Tari, Aryan"]
[Black "Bharath Subramaniyam H"]
[Result "1-0"]
[WhiteElo "2620"]
[BlackElo "2405"]
[Annotator "TA"]
[PlyCount "71"]
[EventDate "2019.07.19"]
[EventType "swiss"]
[EventCountry "DEN"]
[SourceTitle "playchess.com"]
[Source "ChessBase"]
[SourceQuality "1"]

1. e4 c5 2. Nf3 e6 3. d4 cxd4 4. Nxd4 a6 5. c4 Nf6 6. Nc3 Qc7 7. Be2 Bb4 8. Nc2 Be7 9. Be3 d6 10. g4 h6 11. f3 Nc6 12. Qd2 Bd7 13. b3 Rc8 14. Na4 Ne5 15. Nb6 Rd8 16. O-O-O Bc6 17. Qc3 Ned7 18. Nxd7 Bxd7 19. h4 b5 20. Rdg1 d5 21. e5 b4 22. Qd4 Nh7 23. cxd5 Rc8 24. Bd3 exd5 25. f4 Qa5 26. Kb1 Bb5 27. g5 Bxd3 28. Qxd3 Rc3 29. Qd2 Kd7 30. Bd4 Rc7 31. gxh6 Rhc8 32. Ne3 gxh6 33. f5 Nf8 34. Bb2 Kc6 35. Rg7 Bd8 36. Qg2 1-0